00419nam a2200145Ia 4500100002400000650001000024942000700034654001000041245002400051260003500075082000800110546001200118999001700130952012600147 aNambudiripad/K.B.M  aLATEX cBK alatex aLatex for beginners bNarosa Publication Housec2014 bNAM aENGLISH c26787d26787 001040708CRCaCRCEbCRCEd2023-03-17eAllied Publishersi778 dt 15.03.2019l0o NAMp25601r2023-03-17w0000-00-00yBK